Online Catalogue and eLibrary

Sri Lanka : (Record no. 567)

MARC details
000 -LEADER
fixed length control field 00468nam a22001697a 4500
005 - DATE AND TIME OF LATEST TRANSACTION
control field 20240311061131.0
008 - FIXED-LENGTH DATA ELEMENTS--GENERAL INFORMATION
fixed length control field 240311b |||||||| |||| 00| 0 eng d
020 ## - INTERNATIONAL STANDARD BOOK NUMBER
ISBN 9559062417
082 ## - DDC Classification
DDC Edition Number 22
Class No. 323.4.
Item Number - Author Mark SRI.
245 ## - TITLE STATEMENT
Title Sri Lanka :
Remainder of title State of human rights /
Statement of responsibility, etc. Law & Society trust.
260 ## - PUBLICATION, DISTRIBUTION, ETC.
Place of publication, distribution, etc. Colombo :
Name of publisher, distributor, etc. Law & Society Trust /
Date of publication, distribution, etc. 1995
300 ## - PHYSICAL DESCRIPTION
Extent (e.g. Volumes, Pages etc.) xvii, 313 p.,
650 ## - SUBJECT ADDED ENTRY--TOPICAL TERM
Topical term or geographic name entry element National
650 ## - SUBJECT ADDED ENTRY--TOPICAL TERM
Topical term or geographic name entry element Human Rights.
700 ## - ADDED ENTRY--PERSONAL NAME
Personal name Nissan, Elizabeth.
Relator term (Role) Editor
942 ## - Koha item type (Biblio)
Koha item type Books in Stacks (Lending)
Holdings
Lost status Damaged status Collection code Home library Current library Date acquired Full call number Accession Number Item type
    Lending WERC Library WERC Library 03/11/2024 323.4. SRI. 2308 Books in Stacks (Lending)

© WERC Library